| 000 -LEADER |
| fixed length control field |
00918nam a22001577a 4500 |
| 003 - CONTROL NUMBER IDENTIFIER |
| control field |
OSt |
| 005 - DATE AND TIME OF LATEST TRANSACTION |
| control field |
20151214110848.0 |
| 008 - FIXED-LENGTH DATA ELEMENTS--GENERAL INFORMATION |
| fixed length control field |
151214b xxu||||| |||| 00| 0 eng d |
| 040 ## - CATALOGING SOURCE |
| Transcribing agency |
RUA |
| 082 ## - DEWEY DECIMAL CLASSIFICATION NUMBER |
| Classification number |
AED NEO 2004 B216 Or.1 |
| 100 ## - MAIN ENTRY--PERSONAL NAME |
| 9 (RLIN) |
4822 |
| Personal name |
NEOU, RATMONY. |
| 245 ## - TITLE STATEMENT |
| Title |
Study of integrated rural development program project through the empowerment of organization lutheran-cambodia in thpong district, kampong sper province (ការសិក្សាអំពីគំរោងកម្មវិធីអភិវឌ្ឍន៏ជនបទចំរុះតាមរយះការផ្ដល់សិទ្ធអំណាចរបស់អង្កការលូថេរ៉ានបំរើពិភពលោកនៅកម្ពុជានៅស្រុកថ្ពងខេត្តកំពង់ស្ពឺ) |
| 260 ## - PUBLICATION, DISTRIBUTION, ETC. (IMPRINT) |
| Place of publication, distribution, etc. |
Phnom Penh |
| Name of publisher, distributor, etc. |
RUA |
| Date of publication, distribution, etc. |
2004 |
| 300 ## - PHYSICAL DESCRIPTION |
| Extent |
xii, 57p. |
| Other physical details |
ill. |
| Dimensions |
29cm. |
| 942 ## - ADDED ENTRY ELEMENTS (KOHA) |
| Source of classification or shelving scheme |
|
| Koha item type |
AED |